| 000 | 00577cam1a220021700 4500 | ||
|---|---|---|---|
| 001 | zam00002802 | ||
| 008 | 951128s1974 xx eng u | ||
| 035 | _a(Sirsi) r20144 | ||
| 035 | _a(MACHINE)SLC. | ||
| 100 |
_aGeoffrey, L. _6A81373.1 |
||
| 245 | 1 | 0 | _aSemantics. |
| 260 | _c1974. | ||
| 949 |
_aGEO-SEM _wlcc _mMAIN _p2500 _tSHORTLOAN _lSHORTLOAN |
||
| 004 | 20144 | ||
| 591 | _aClass code: E 310. | ||
| 591 | _aCourse: Advanced English grammar. | ||
| 591 | _aSchool: S05. | ||
| 591 | _aLecturer: Mr. HIRST, S.B. | ||
| 591 | _aNumber of Students: 96. | ||
| 909 | _aBook | ||
| 999 |
_c8401 _d8401 |
||